|
|
|
|
| LEADER |
02048nam a2200541 i 4500 |
| 001 |
001841285 |
| 003 |
CZ BrMZK |
| 005 |
20230209071745.0 |
| 007 |
ta |
| 008 |
221124s1973 xr a e c 000 0 cze |
| 040 |
|
|
|a BOA001
|b cze
|e rda
|
| 041 |
0 |
|
|a cze
|b eng
|b ger
|b rus
|
| 043 |
|
|
|a e-xr---
|
| 045 |
|
|
|a w0x1
|
| 072 |
|
7 |
|a 646
|x Odívání. Péče o tělo
|2 Konspekt
|9 19
|
| 080 |
|
|
|a 646.4-055.2
|2 MRF
|
| 080 |
|
|
|a 646.4/.5(091)
|2 MRF
|
| 080 |
|
|
|a 069.5
|2 MRF
|
| 080 |
|
|
|a (437.3)
|2 MRF
|
| 080 |
|
|
|a (437.322)
|2 MRF
|
| 080 |
|
|
|a (083.824)
|2 MRF
|
| 080 |
|
|
|a (082.2)
|2 MRF
|
| 245 |
0 |
0 |
|a Proměny odívání 1800-1914 :
|b dámské oděvy ze sbírek Moravské galerie : Brno, červen - červenec 1973
|
| 264 |
|
1 |
|a Brno :
|b Moravská galerie,
|c [1973]
|
| 300 |
|
|
|a 80 stran :
|b ilustrace ;
|c 22 cm
|
| 336 |
|
|
|a text
|b txt
|2 rdacontent
|
| 336 |
|
|
|a statický obraz
|b sti
|2 rdacontent
|
| 337 |
|
|
|a bez média
|b n
|2 rdamedia
|
| 338 |
|
|
|a svazek
|b nc
|2 rdacarrier
|
| 490 |
0 |
|
|a Směr ;
|v 63. svazek
|
| 500 |
|
|
|a Výstava je pořádána u příležitost 100. výročí založení Moravského uměleckoprůmyslového muzea v Brně
|
| 504 |
|
|
|a Obsahuje bibliografii
|
| 546 |
|
|
|a Ruské, anglické a německé resumé
|
| 610 |
2 |
7 |
|a Moravská galerie (Brno, Česko).
|b Uměleckoprůmyslový odbor
|7 kn20050422019
|
| 648 |
|
4 |
|a 1800-1914
|
| 648 |
|
7 |
|a 19.-20. století
|7 ch757015
|
| 650 |
0 |
7 |
|a dámské oděvy
|7 ph137547
|z Česko
|y 19.-20. století
|2 czenas
|
| 650 |
0 |
7 |
|a dějiny odívání
|7 ph524154
|z Česko
|y 19.-20. století
|2 czenas
|
| 650 |
0 |
7 |
|a muzejní sbírky
|7 ph137908
|z Česko
|2 czenas
|
| 651 |
|
7 |
|a Brno (Česko)
|7 ge134084
|2 czenas
|
| 655 |
|
7 |
|a katalogy výstav
|7 fd132536
|2 czenas
|
| 655 |
|
7 |
|a jubilejní publikace
|7 fd131839
|2 czenas
|
| 710 |
2 |
|
|a Moravská galerie (Brno, Česko)
|7 kn20020321233
|4 orm
|4 isb
|
| 830 |
|
0 |
|a Směr (Moravská galerie)
|0 s
|
| 910 |
|
|
|a BOA001
|b 2-1498.172
|
| 990 |
|
|
|a BK
|
| 991 |
|
|
|b 202301
|
| 996 |
6 |
|
|b 2610923451
|c 2-1498.172
|l MZK
|r Sklad / do 1 hodiny
|n 0
|p dar
|w 001906676
|u 000010
|a 1
|e BOA001
|j MZK50
|s P
|